000 00761cam a22002054a 4500
005 20250605164028.0
008 250528s ||||||||||||||||||||||||d
035 _a16510
020 _a2165546
040 _aGR-AtMCL
_bgre
_dGR-AtMCL
_eAACR2
245 1 _aNuclear Illusion and Reality
250 _a1st
260 _bCollins & Brown,
_c1982
300 _a154
520 _aFor the sake of humanity this book must be read and acted on. Acknowledgements, Introduction, The Nuclear Arsenal, Nuclear Destruction, Deterrent Strategies, Fighting with Nuclear Weapons, Independence, The Arms Race, The Advice of Scientists, What Next?, References, Glossary, Index.
700 1 _aZuckerman Solly
_92605
942 _cBK
999 _c2004
_d2004